ՀՀ Գիտությունների ազգային ակադեմիայի հիմնարար գիտական գրադարան  =   Fundamental Scientific Library of NAS RA

Материалы о жизни и революционной деятельности / (Record no. 310529)

MARC details
000 -LEADER
fixed length control field 01345nam a2200229 a 4500
001 - CONTROL NUMBER
control field 000886017
003 - CONTROL NUMBER IDENTIFIER
control field AM-YeHGA
005 - DATE AND TIME OF LATEST TRANSACTION
control field 20250617145348.0
008 - FIXED-LENGTH DATA ELEMENTS--GENERAL INFORMATION
fixed length control field 120419s1980 ||| r 000 0 rus d
040 ## - CATALOGING SOURCE
Original cataloging agency AM-YeHGA
041 0# - LANGUAGE CODE
Language code of text/sound track or separate title rus
090 ## - LOCALLY ASSIGNED LC-TYPE CALL NUMBER (OCLC); LOCAL CALL NUMBER (RLIN)
-- 312245
100 1# - MAIN ENTRY--PERSONAL NAME
Personal name Раевский, Владимир Федосеевич
245 10 - TITLE STATEMENT
Title Материалы о жизни и революционной деятельности /
Statement of responsibility, etc. В.Ф. Раевский.
260 ## - PUBLICATION, DISTRIBUTION, ETC.
Place of publication, distribution, etc. Иркутск :
Name of publisher, distributor, etc. Вост.-Сиб. кн. изд-во,
Date of publication, distribution, etc. 1980-.
300 ## - PHYSICAL DESCRIPTION
Extent 2 т.
440 #0 - SERIES STATEMENT/ADDED ENTRY--TITLE
Title "Полярная звезда" : Документы и материалы.
505 00 - FORMATTED CONTENTS NOTE
Miscellaneous information Т. 1 (1980; 416 с., ил.) :
Title Документы о революционной деятельности и судебном процессе;
Miscellaneous information Т. 2 (1983.; 540 с., ил. Библиогр. в примеч. : с. 532 - 537.
Title Материалы судебного процесса и документы о жизни и деятельности в Сибири
653 0# - INDEX TERM--UNCONTROLLED
Uncontrolled term Декабристы.
653 0# - INDEX TERM--UNCONTROLLED
Uncontrolled term Революционное движение в России - История. 19 в. - Документы и материалы.
653 0# - INDEX TERM--UNCONTROLLED
Uncontrolled term Общественная мысль в России - История. 19 в. - Документы и материалы.
Holdings
Withdrawn status Lost status Damaged status Not for loan Collection Home library Current library Date acquired Serial enumeration / chronology Total checkouts Full call number Barcode Date last seen Price effective from Koha item type Public note
        General Fundamental Scientific Library Fundamental Scientific Library 09/01/2017 Т. 1   PII/461133 FL0319774 09/01/2017 09/01/2017 Գրքեր / Books 30 Days Loan
        General Fundamental Scientific Library Fundamental Scientific Library 09/01/2017 Т. 2   PII/503638 FL0228201 09/01/2017 09/01/2017 Գրքեր / Books 30 Days Loan


ՀՀ ԳԱԱ հիմնարար գիտական գրադարան
ՀՀ,Երևան 0019
Մարշալ Բաղրամյան 24/6
հեռախոս:(374-10) 52-47-50
Հետադարձ կապ

All site content, except where otherwise noted, is licensed under a
Creative Commons License